000 01687cam a2200469 i 4500
001 21868114
003 OSt
005 20250702153144.0
008 200929s2021 ii b 001 0 eng d
010 _a 2020330822
020 _a9788131611722
_q(HB)
020 _a8131611728
025 _aI-E-2020330822 ; 69-90
035 _a21868114
035 _a(OCoLC)1198223176
037 _bLibrary of Congress -- New Delhi Overseas Office
040 _aDKAGE
_beng
_erda
_cDKAGE
_dDKAGE
_dOCLCO
_dOCLCF
_dDLC
042 _alccopycat
_alcode
043 _aa-ii---
050 0 0 _aHN683.5
_b.A6414 2021
082 0 4 _a361.10954
_bAHU/S
100 1 _aAhuja, Ram,
_d1929-
_eauthor.
_910602
245 1 0 _aSocial problems in India /
_cRam Ahuja.
250 _aFourth edition, fully revised, expanded and updated.
264 1 _aJaipur :
_bRawat Publications,
_c2021.
300 _axviii, 646 pages ;
_c25 cm
336 _atext
_btxt
_2rdacontent
337 _aunmediated
_bn
_2rdamedia
338 _avolume
_bnc
_2rdacarrier
504 _aIncludes bibliographical references and index.
648 7 _aSince 1947
_2fast
650 0 _aSocial problems
_zIndia.
650 7 _aSocial conditions.
_2fast
_0(OCoLC)fst01919811
650 7 _aSocial policy.
_2fast
_0(OCoLC)fst01122738
650 7 _aSocial problems.
_2fast
_0(OCoLC)fst01122778
651 0 _aIndia
_xSocial conditions
_y1947-
651 0 _aIndia
_xSocial policy.
651 7 _aIndia.
_2fast
_0(OCoLC)fst01210276
906 _a7
_bcbc
_ccopycat
_d3
_encip
_f20
_gy-gencatlg
942 _2ddc
_cBK
_h361.10954
_iAHU/S
_k361.10954
_mAHU/S
999 _c44586
_d44586